000
00440nam a2200145Ia 4500
008
100204s9999 xx 000 0 und d
082
_b
15154
100
_a
नलिनी दत्तात्रेय
245
_a
असे हे जग
260
_b
"अंजली प्रकाशन, पुणे"
_c
1991
300
_a
70
630
_a
असे हे जग
730
_a
असे हे जग
942
_c
BOOK
999
_c
459585
_d
459582